000 00781nam a2200205Ii 4500
003 JO-AjNU
008 230605s9999||||xx |||||||||||||| ||und||
040 _aJO-AjNU
_bara
_erda
_cJO-AjNU
041 _aara
050 1 4 _aKMM166.3.A2232.1988
100 3 _aعباسي، جلال ,
_eauthor
_946600
245 0 0 _aقانون محكمة العدل العليا الأردنية رقم 11 لعام 1989: شرح قانون أصول المحاكمات المدنية رقم 24 لعام 1988
250 _a(د،ط)
264 3 1 _aعمان : د ، ن ، 1988
300 _a184ص
336 _atext
_btxt
_2rdacontent
337 _aunmediated
_bn
_2rdamedia
338 _avolume
_bnc
_2rdacarrier
650 4 _aقانون اصول المحاكمات المدنية -- الاردن
_946601
999 _aA20285
_c23853
_d23853